Doctor Who incarnations (2013 update) Quiz Stats

 Plays Quiz not verified by Sporcle

Challenge
Share
Tweet
Embed
Score 0/14 Timer 03:00
0 Plays Today
Chronology of the Doctor Actor of the Doctor % Correct
1William Hartnell
93.2%
4Tom Baker
89%
2Patrick Troughton
83.6%
3Jon Pertwee
82.2%
6Colin Baker
82.2%
13Matt Smith
82.2%
5Peter Davison
80.8%
Chronology of the Doctor Actor of the Doctor % Correct
7Sylvester McCoy
79.5%
10Christopher Eccleston
78.1%
14Peter Capaldi
78.1%
9John Hurt
76.7%
11David Tennant
76.7%
8Paul McGann
72.6%
12David Tennant
72.6%

You're not logged in!

Compare scores with friends on all Sporcle quizzes.
Join for Free
OR
Log In

You Might Also Like...

Show Comments

Extras

Top Quizzes Today


Score Distribution

Your Account Isn't Verified!

In order to create a playlist on Sporcle, you need to verify the email address you used during registration. Go to your Sporcle Settings to finish the process.

Report this User

Report this user for behavior that violates our Community Guidelines.

Details: